| 000 | 00724nam a2200217Ia 4500 | ||
|---|---|---|---|
| 003 | GCL | ||
| 008 | 140319s9999 xx 000 0 ara d | ||
| 020 | _a8101245977 | ||
| 040 |
_aGCL / _cGCL |
||
| 082 | 0 | 4 |
_a811.6 _bج ش |
| 100 | 1 | _aاشرف على دعدور | |
| 245 | 1 | 0 |
_aشاعرات الاندلس / _cاشرف على دعدور |
| 700 | 1 | _aجارولو، تيريسا | |
| 260 |
_aالقاهرة : _bدار نهضة الشرق ، _c1997 |
||
| 300 |
_a148 ص ؛ _c24 سم |
||
| 650 | 0 | 4 | _aالشعر الاندلسى |
| 650 | 0 | 4 | _aالشعراء - تراجم |
| 650 | 0 | 4 | _aالشعر العربى - تاريخ |
| 650 | 0 | 4 | _aالشعر العربى - تاريخ - العصر الاندلسى |
| 942 |
_2ddc _cBK |
||
| 999 |
_c5486 _d5486 |
||